00982nab a22002177a 4500003000400000005001700004008004100021040000700062100002900069245008700098260007200185300001300257500005100270505011600321505008900437650002000526650002400546650003100570650003000601773013300631OSt20260116182722.0190605e xxu||||| |||| 00| 0 spa d cPJ aMoreno Espeja, Matías 13aEl nuevo artículo 29 de la Ley de Contrato de Trabajo /cMatías Moreno Espeja. aCiudad Autónoma de Buenos Aires :bThomson Reuters La Ley,c2025. ap. 13-15 aCita Online: Cita: TR LALEY AR/DOC/1024/2025. aSumario: I. Introducción.— II. Antecedentes.— III. El texto actual del art. 29 LCT.— IV. Conclusiones.  t¿Te interesa el texto completo? Solicitalo al correo: koha@justierradelfuego.gov.ar 0aDERECHO LABORAL 0aCONTRATO DE TRABAJO 0aLEY DE CONTRATO DE TRABAJO 0aRESPONSABILIDAD SOLIDARIA0 02711dCiudad Autónoma de Buenos Aires : Thomson Reuters La Ley, 1999-2002.tRevista de derecho del trabajo. Nº 4 - Julio 2025